000 00569cam a2200193 4500500
005 20260405002611.0
041 _afre
042 _adc
100 1 0 _aDesaubliaux, Lucie
_eauthor
245 0 0 _aOn va créer !
260 _c2017.
500 _a46
690 _achangement
690 _aLucie Desaubliaux
690 _aRésolution
690 _aVelléité
786 0 _nPhilosophie magazine | 115 | 12-1 | 2017-12-01 | p. 34-34 | 1951-1787
856 4 1 _uhttps://shs.cairn.info/magazine-philosophie-magazine-2017-12-1-page-34?lang=fr&redirect-ssocas=7080
999 _c2059196
_d2059196